000 00564nam a2200193Ia 4500
003 GCL
008 140319s9999 xx 000 0 eng d
020 _a0521585627
040 _aGCL /
_cGCL
082 0 4 _a956.01
_bL S
100 1 _aLYONS,MALCOM CAMERON
245 1 0 _aSALADIN: THE POLITICS OF THE HOLY WAR /
_cLYONS,MALCOM CAMERON
260 _aنيويورك :
_bCAMBRIBGE UNIVERSITY PRESS ،
_c1984
300 _a22 CM ؛
_c456 P
650 0 4 _aSALADIN
650 0 4 _aSULTAN OF EGYPT AND SYRIA 1137
650 0 4 _aEGYPT - KINGS AND RULERS
942 _2ddc
_cBK
999 _c12606
_d12606